La teoría económica de John Maynard Keynes (Registro nro. 4976)

Detalles MARC
000 -LEADER
fixed length control field 01230 a2200217 4500
001 - CONTROL NUMBER
control field 50151
005 - DATE AND TIME OF LATEST TRANSACTION
control field 20260407155802.0
008 - FIXED-LENGTH DATA ELEMENTS--GENERAL INFORMATION
fixed length control field 260407a1971 arg spa d
003 - CONTROL NUMBER IDENTIFIER
control field AR-UNSa-BCEJYS
040 ## - CATALOGING SOURCE
Original cataloging agency AR-UNSa-BCEJYS
Language of cataloging spa
Transcribing agency AR-UNSa-BCEJYS
080 ## - UNIVERSAL DECIMAL CLASSIFICATION NUMBER
Universal Decimal Classification number 330.834
Common auxiliary subdivision Keynes y el keynesianismo. Neokeynesianismo. Poskeynesianismo
041 ## - LANGUAGE CODE
Language code of text/sound track or separate title spa
100 1# - MAIN ENTRY--PERSONAL NAME
Personal name Dillard, Dudley
245 10 - TITLE STATEMENT
Title La teoría económica de John Maynard Keynes
Name of part/section of a work teoría de una economía monetaria
250 ## - EDITION STATEMENT
Edition statement 9a. ed.
264 #1 - PRODUCTION, PUBLICATION, DISTRIBUTION, MANUFACTURE, AND COPYRIGHT NOTICE
Place of production, publication, distribution, manufacture Madrid :
Name of producer, publisher, distributor, manufacturer Aguilar
Date of production, publication, distribution, manufacture, or copyright notice 1971
300 ## - PHYSICAL DESCRIPTION
Extent 372 p.
Dimensions 18 cm.
505 ## - FORMATTED CONTENTS NOTE
Formatted contents note 1. Introducción e ideas fundamentales - 2. El fondo clásico - 3. Resumen preliminar de la teoría general del empleo - 4. Inversión, ahorro, renta y la unidad de salario - 5. La propensión al consumo y el multiplicador de la inversión - 6. Política fiscal de la depresión - 7. La eficacia marginal del capital - 8. El interés y el dinero - 9. Los salarios monetarios y los precios - 10. La inflación de la guerra y la posguerra - 11. Otras aplicaciones de la teoría general del empleo de Keynes - 12. Evolución del pensamiento de Keynes y filosofía social a que conduce.
590 ## - LOCAL NOTE (RLIN)
Local note niveau_biblio:m niveau_hierar:0
942 ## - ADDED ENTRY ELEMENTS (KOHA)
Koha item type
Existencias
Withdrawn status Lost status Damaged status Not for loan Home library Current library Shelving location Date acquired Total checkouts Full call number Barcode Date last seen Price effective from Koha item type
        Biblioteca Prof. Eusebio Cleto del Rey Biblioteca Prof. Eusebio Cleto del Rey   07/04/2026   330.834 D578 9ed. L24614 07/04/2026 07/04/2026 Libro
        Biblioteca Prof. Eusebio Cleto del Rey Biblioteca Prof. Eusebio Cleto del Rey   07/04/2026   330.834 D578 9ed. L24613 07/04/2026 07/04/2026 Libro
        Biblioteca Prof. Eusebio Cleto del Rey Biblioteca Prof. Eusebio Cleto del Rey   07/04/2026   330.834 D578 9ed. L39849 07/04/2026 07/04/2026 Libro